Gaming Quiz

Random Gaming or Cartoons Quiz

Cartoon Network Fighter Roster Quiz Stats

 Plays Quiz not verified by Sporcle

Challenge
Share
Tweet
Embed
Score 0/70 Timer 20:00
0 Plays Today
Role Character % Correct
PlayablePowerpuff Girls (Clones, not transformations)
74.2%
PlayableDexter
67.5%
PlayableEd, Edd, and Eddy (Swap)
65.6%
PlayableCaptain Melonhead
65%
PlayableMojo Jojo
59.5%
PlayableJohnny Bravo
57.7%
PlayableDee Dee
57.1%
PlayableHim
55.2%
PlayableCourage the Cowardly Dog
52.8%
BossMandark
52.1%
PlayableBen 10
50.3%
PlayableSamurai Jack
49.1%
PlayableBloo
46%
BossKevin (Original series)
46%
PlayableGrim
44.2%
Final BossAku
41.7%
AssistGwen
39.9%
AssistRolf
36.8%
AssistCow and Chicken
36.8%
AssistI. M. Weasel
36.2%
PlayableBilly and Mandy
35.6%
PlayableNumber 1
35%
AssistKanker Sisters
34.4%
PlayableKatz
34.4%
PlayableFather
33.1%
PlayableI. R. Baboon
32.5%
PlayableNumber 2
32.5%
PlayableRed Guy
31.9%
PlayableEustace
31.3%
PlayableFinn and Jake
30.7%
AssistFreaky Fred
30.7%
BossVilgax
30.1%
PlayableMonkey
29.4%
AssistCoco
28.8%
BossIce King
28.8%
Role Character % Correct
AssistCarl
28.8%
AssistWilt
28.2%
AssistCheese
27.6%
AssistThe Scottsman
27.6%
PlayableEduardo
27%
PlayableBenson
27%
BossGangreen Gang
23.9%
PlayableMordecai and Rigby
23.9%
AssistPrincess Bubblegum
23.3%
PlayableMajor Glory
22.7%
PlayableGeneral Skarr
22.7%
AssistPops
22.7%
BossLe Quack
21.5%
PlayableMuscle Man and High Five Ghost
21.5%
BossNergal
20.9%
AssistToiletnator
20.2%
PlayableCaptain K'nuckles
19.6%
AssistLarry 3000
19.6%
AssistSkips
19.6%
PlayableValhallen
19%
AssistMr. Herriman
19%
PlayableKrunk
18.4%
PlayableHector
16.6%
BossStickybeard
16.6%
AssistFredfred Burger
16%
AssistDracula
15.3%
PlayableHoss Delgado
15.3%
PlayableTuddrussel
14.1%
AssistAmoeba Boys
13.5%
BossKing Ramses
12.9%
BossEvil Taxi
12.9%
AssistPuppet Pals
12.3%
BossBarbecuer and Silver Spooner
10.4%
AssistMechanical Genie
9.2%
AssistCod Commando
8.6%

You're not logged in!

Compare scores with friends on all Sporcle quizzes.
Join for Free
OR
Log In

You Might Also Like...

Show Comments

Extras

Top Quizzes Today


Score Distribution

Your Account Isn't Verified!

In order to create a playlist on Sporcle, you need to verify the email address you used during registration. Go to your Sporcle Settings to finish the process.

Report this User

Report this user for behavior that violates our Community Guidelines.

Details: